000 00540nmm a2200169Ia 4500
008 251105s9999||||xx |||||||||||||||||und||
020 _a9788484893097
041 _aspa
100 _aReid Andrews, George
245 0 _aAfro-Latinoamérica, 1800-2000
264 _a[Madrid, España] :
_bIberoamericana Vervuert,
_c2007
300 _a382 páginas
490 _aTiempo emulado. Historia de América y España
650 _aHistory of the Americas: Latin America
856 _uhttps://public.digitaliapublishing.com/a/46598
942 _cCF
999 _c86576
_d86576